О нумерации перестановок и сочетаний для организации параллельных вычислений в задачах проектирования управляющих систем; Известия Томского политехнического университета [Известия ТПУ]; Т. 307, № 6

מידע ביבליוגרפי
Parent link:Известия Томского политехнического университета [Известия ТПУ]/ Томский политехнический университет (ТПУ).— , 2000-
Т. 307, № 6.— 2004.— [С. 18-20]
מחבר ראשי: Тимошевская Н. Е.
סיכום:Заглавие с титульного листа
Электронная версия печатной публикации
Предложен метод параллельной генерации таких комбинаторных объектов, как перестановки и сочетания. В основе метода лежит возможность нумерации перечисляемых объектов так, что по номеру можно легко восстановить сопоставленный ему объект. Приведены формулы вычисления номера заданного объекта (перестановки, сочетания) и алгоритмы построения объекта по его номеру. Представлены результаты экспериментов, подтверждающие эффективность метода.
שפה:רוסית
יצא לאור: 2004
סדרה:Естественные науки
נושאים:
גישה מקוונת:http://www.lib.tpu.ru/fulltext/v/Bulletin_TPU/2004/v307/i6/03.pdf
פורמט: אלקטרוני Book Chapter
KOHA link:https://koha.lib.tpu.ru/cgi-bin/koha/opac-detail.pl?biblionumber=169864

MARC

LEADER 00000nla2a2200000 4500
001 169864
005 20231031163536.0
035 |a (RuTPU)RU\TPU\book\184229 
035 |a RU\TPU\book\184226 
090 |a 169864 
100 |a 20091118d2004 k y0rusy50 ca 
101 0 |a rus 
102 |a RU 
135 |a drnn ---uucaa 
181 0 |a i  
182 0 |a b 
200 1 |a О нумерации перестановок и сочетаний для организации параллельных вычислений в задачах проектирования управляющих систем  |b Электронный ресурс  |f Н. Е. Тимошевская 
203 |a Текст  |c электронный 
215 |a 1 файл (246 Кб) 
225 1 |a Естественные науки 
230 |a Электронные текстовые данные (1 файл : 246 Кб) 
300 |a Заглавие с титульного листа 
300 |a Электронная версия печатной публикации 
320 |a [Библиогр.: с. 20 (2 назв.)] 
330 |a Предложен метод параллельной генерации таких комбинаторных объектов, как перестановки и сочетания. В основе метода лежит возможность нумерации перечисляемых объектов так, что по номеру можно легко восстановить сопоставленный ему объект. Приведены формулы вычисления номера заданного объекта (перестановки, сочетания) и алгоритмы построения объекта по его номеру. Представлены результаты экспериментов, подтверждающие эффективность метода. 
337 |a Adobe Reader 
461 1 |0 (RuTPU)RU\TPU\book\176237  |t Известия Томского политехнического университета [Известия ТПУ]  |f Томский политехнический университет (ТПУ)  |d 2000- 
463 1 |0 (RuTPU)RU\TPU\book\184225  |t Т. 307, № 6  |v [С. 18-20]  |d 2004  |p 191  
610 1 |a нумерация 
610 1 |a перестановки 
610 1 |a сочетания 
610 1 |a организации 
610 1 |a параллельные вычисления 
610 1 |a задачи 
610 1 |a проектирование 
610 1 |a управляющие системы 
610 1 |a методы 
610 1 |a параллельная генерация 
610 1 |a комбинаторные объекты 
610 1 |a номера 
610 1 |a формулы 
610 1 |a вычисления 
610 1 |a алгоритмы 
610 1 |a построение 
610 1 |a результаты 
610 1 |a эксперименты 
610 1 |a электронный ресурс 
700 1 |a Тимошевская  |b Н. Е. 
801 1 |a RU  |b 63413507  |c 20090623  |g PSBO 
801 2 |a RU  |b 63413507  |c 20210728  |g PSBO 
856 4 |u http://www.lib.tpu.ru/fulltext/v/Bulletin_TPU/2004/v307/i6/03.pdf 
942 |c CF